Matemática iii /

Guardado en:
Autor Principal: Varela, Leopoldo
Formato: Libro
Publicado: Buenos Aires : Magisterio del Rio de la Plata, 1981
Materias:
Etiquetas: Agregar Etiqueta
Sin Etiquetas, Sea el primero en etiquetar este registro!
LEADER 00793nam a22002175a 4500
001 CEM.cems006442
005 20060214000000.0
008 130507s1981##################000#0#####d
003 CEMS
082 0 4 |a 510 
100 1 |a Varela, Leopoldo 
245 1 0 |a Matemática iii / 
260 |a Buenos Aires :  |b Magisterio del Rio de la Plata,  |c 1981 
300 |a 214 p. 
505 0 |a Los numeros naturales; Teoria de numeros; Sistemas de numeros; El algebra de los conjuntos; Construcciónes geometricas; Geometria proyectiva; Topologia; Funciónes y limites; Maximos y minimos; El calculo infinitesimal 
653 |a Ecuaciones 
653 |a Inecuaciones 
653 |a Matematica 
653 |a Matematica 3er. año 
653 |a Numero pi 
859 |a CEMS  |b BIB. CEMS - 11 de abril  |h 510  |i V425-1/III  |p 14859.87  |t Ej.1